Southville International School and Colleges
Your cart is empty.
  • Cart
  • Lists
    Public lists Eva Luna New books Lux_list list_1
    Your lists Log in to create your own lists
  • Log in to your account
  • Your cookies
  • Search history
Southville International School and Colleges
  • Advanced search
  • Recent comments
  • Most popular
  • Libraries

Log in to your account

Log in with GOOGLE


If you do not have an external account, but do have a local account, you can still log in:

  1. Home
  2. MARC view: Healthy aging :
Normal view MARC view ISBD view

Healthy aging : (Record no. 283638)

[ view plain ]
MARC details
000 -LEADER
fixed length control field 01851cam a2200409 i 4500
001 - CONTROL NUMBER
control field 17860670
003 - CONTROL NUMBER IDENTIFIER
control field PILC
005 - DATE AND TIME OF LATEST TRANSACTION
control field 20150227133607.0
008 - FIXED-LENGTH DATA ELEMENTS--GENERAL INFORMATION
fixed length control field 130820t20142014pauab b 001 0 eng
010 ## - LIBRARY OF CONGRESS CONTROL NUMBER
LC control number 2013033817
020 ## - INTERNATIONAL STANDARD BOOK NUMBER
International Standard Book Number 9781451191042 (pbk.)
020 ## - INTERNATIONAL STANDARD BOOK NUMBER
International Standard Book Number 1451191049 (pbk.)
035 ## - SYSTEM CONTROL NUMBER
System control number (DNLM)101615340
040 ## - CATALOGING SOURCE
Original cataloging agency DNLM/DLC
Transcribing agency DLC
Description conventions rda
Modifying agency DLC
042 ## - AUTHENTICATION CODE
Authentication code pcc
050 00 - LIBRARY OF CONGRESS CALL NUMBER
Classification number RA 776.75
Item number .H432 2014
060 10 - NATIONAL LIBRARY OF MEDICINE CALL NUMBER
Classification number WT 104
082 00 - DEWEY DECIMAL CLASSIFICATION NUMBER
Classification number 613.2
130 0# - MAIN ENTRY--UNIFORM TITLE
Uniform title Healthy aging (Burggraf)
245 10 - TITLE STATEMENT
Title Healthy aging :
Remainder of title principles and clinical practice for clinicians /
Statement of responsibility, etc Virginia Burggraf, RN, DNS, FAAN, Marcella J. Griggs Endowed Chair, Gerontological Nursing Coordinator Graduate Program, Radford University, Radford, Virginia, Kye Y. Kim, MD, Professor and Director, Academic Affairs, Department of Psychiatry and Behavioral Medicine, Virginia Tech Carilion School of Medicine, Roanoke, Virginia, Aubrey L. Knight, MD, Associate Dean for Student Affairs, Professor of Medicine and Family & Community Medicine, Virginia Tech Carilion School of Medicine, Roanoke, Virginia.
260 ## - PUBLICATION, DISTRIBUTION, ETC. (IMPRINT)
Place of publication, distribution, etc Philadelphia :
Name of publisher, distributor, etc Wolters Kluwer/Lippincott Williams & Wilkins,
Date of publication, distribution, etc c2014.
300 ## - PHYSICAL DESCRIPTION
Extent xviii, 707 pages :
Dimensions 23 cm
Other physical details illustrations (some color), color map ;
504 ## - BIBLIOGRAPHY, ETC. NOTE
Bibliography, etc Includes bibliographical references and index.
521 ## - TARGET AUDIENCE NOTE
Target audience note Nursing
650 12 - SUBJECT ADDED ENTRY--TOPICAL TERM
Topical term or geographic name as entry element Aging.
650 22 - SUBJECT ADDED ENTRY--TOPICAL TERM
Topical term or geographic name as entry element Aged.
650 22 - SUBJECT ADDED ENTRY--TOPICAL TERM
Topical term or geographic name as entry element Clinical Medicine
General subdivision methods.
650 22 - SUBJECT ADDED ENTRY--TOPICAL TERM
Topical term or geographic name as entry element Health Behavior.
650 22 - SUBJECT ADDED ENTRY--TOPICAL TERM
Topical term or geographic name as entry element Health Services for the Aged.
650 22 - SUBJECT ADDED ENTRY--TOPICAL TERM
Topical term or geographic name as entry element Longevity.
700 1# - ADDED ENTRY--PERSONAL NAME
Personal name Burggraf, Virginia,
Relator term editor.
700 1# - ADDED ENTRY--PERSONAL NAME
Personal name Kim, Kye Y.,
Relator term editor.
700 1# - ADDED ENTRY--PERSONAL NAME
Personal name Knight, Aubrey L.,
Relator term editor.
906 ## - LOCAL DATA ELEMENT F, LDF (RLIN)
a 7
b cbc
c orignew
d 1
e ecip
f 20
g y-gencatlg
942 ## - ADDED ENTRY ELEMENTS (KOHA)
Source of classification or shelving scheme Library of Congress Classification
Koha item type Books
Holdings
Withdrawn status Lost status Source of classification or shelving scheme Damaged status Home library Current library Shelving location Date acquired Source of acquisition Sub Shelving location Total Checkouts Full call number Barcode Date last seen Price effective from Koha item type
    Library of Congress Classification   College Library College Library Reserve Section 02/27/2015 Library Fund     RA 776.75 .H432 2014 C19191 05/15/2018 02/27/2015 Books

Healthy aging :

APA

Burggraf V., Kim K. Y. & Knight A. L. (2014). Healthy aging. Philadelphia: Wolters Kluwer/Lippincott Williams & Wilkins.

Chicago

Burggraf Virginia, Kim Kye Y and Knight Aubrey L. 2014. Healthy aging. Philadelphia: Wolters Kluwer/Lippincott Williams & Wilkins.

Harvard

Burggraf V., Kim K. Y. and Knight A. L. (2014). Healthy aging. Philadelphia: Wolters Kluwer/Lippincott Williams & Wilkins.

MLA

Burggraf Virginia, Kim Kye Y and Knight Aubrey L. Healthy aging. Philadelphia: Wolters Kluwer/Lippincott Williams & Wilkins. 2014.

  • Place hold
  • Print
  • Cite
  • Add to your cart (remove)
  • Save record
    BIBTEX Dublin Core MARCXML MARC (non-Unicode/MARC-8) MARC (Unicode/UTF-8) MARC (Unicode/UTF-8, Standard) MODS (XML) RIS
  • More searches
    Search for this title in:
    Other Libraries (WorldCat) Other Databases (Google Scholar) Online Stores (Bookfinder.com) Open Library (openlibrary.org)

Exporting to Dublin Core...

SOUTHVILLE LIBRARY

Southville International School and Colleges Library

1281 Tropical Ave. Cor. Luxembourg St., BF Homes International, Las Pinas City

Tel. No. 8256374 / 252358 Loc. 117/146

Powered by Koha